Billion-Dollar Disney Animated Movies (Adjusted for Inflation) - Statistics

General Stats
  • This quiz has been taken 29 times
  • The average score is 13 of 17
Answer Stats
# Year Movie Gross % Correct
1 1937 Snow White and the Seven Dwarfs $9.4
100%
6 1950 Cinderella $2.4
94%
16 1991 Beauty and the Beast $1.0
89%
9 1940 Fantasia $1.8
89%
11 2013 Frozen $1.7
89%
14 1992 Aladdin $1.1
83%
2 1942 Bambi $5.4
83%
8 1994 The Lion King $2.1
83%
13 2016 Zootopia $1.3
83%
10 2019 Frozen II $1.8
78%
3 1940 Pinocchio $3.6
78%
5 1961 One Hundred and One Dalmatians $3.2
72%
15 1953 Peter Pan $1.0
67%
4 1967 The Jungle Book $3.6
61%
17 2024 Moana 2 $1.0
56%
12 1970 The Aristocats $1.5
56%
7 1955 Lady and the Tramp $2.2
50%
No matching quizzes found
Score Distribution
Percent of People with Each Score
Percentile by Number Answered
Your Score History
You have not taken this quiz